00384nam a22001577a 45000050016000000100017000160200022000330350017000550370024000720820008000961000018001042450031001222600025001532700028001783000020002062012062709349.0 aB-456496-536 a8123720432c35.00 aB-456496-536 adplbK K. Pub / Ven a921 aKarnik, V . B aM. N. Roy /cby V.B.Karnik aNew DelhibNBTc2005 aA-green ParkbNew Delhi avii,100pgc22cm